01684nam a2200373Ia 4500001001200000003000800012006001900020007001500039008004100054010001700095015001500112020001500127020002800142040002100170035002000191050002400211082002000235245010400255260003700359300001700396490011200413504005100525533015200576650006100728650007600789650007200865655002900937700002200966710001700988830005901005830010301064856012601167999001701293ebr10054580CaPaEBRm u cr cn|||||||||990510s2000 nyu sb 001 0 eng d z 99031491  aGB99-X3543 z0203905083 z0815313942 (alk. paper) aCaPaEBRcCaPaEBR a(OCoLC)5217957414aLC2607b.T55 2000eb04a370/.9172/422100aThird World educationh[electronic resource] :bquality and equality /cedited by Anthony R. Welch. aNew York :bGarland Pub.,c2000. aviii, 314 p.1 aGarland reference library of social science ;vv. 911.aReference books in international education ;vv. 44 aIncludes bibliographical references and index. aElectronic reproduction.bPalo Alto, Calif. :cebrary,d2009.nAvailable via World Wide Web.nAccess may be limited to ebrary affiliated libraries. 0aEducationzDeveloping countriesvCross-cultural studies. 0aEducational equalizationzDeveloping countriesvCross-cultural studies. 0aAcademic achievementzDeveloping countriesvCross-cultural studies. 7aElectronic books.2local1 aWelch, Anthony R.2 aebrary, Inc. 0aGarland reference library of social science ;vv. 911. 0aGarland reference library of social science.pReference books in international education ;vv. 44.40uhttp://site.ebrary.com/lib/rucke/Doc?id=10054580zAn electronic book accessible through the World Wide Web; click to view c64691d64691